| 000 | 00379nam a22001457a 4500 | ||
|---|---|---|---|
| 003 | OSt | ||
| 005 | 20240419112044.0 | ||
| 008 | 240419b |||||||| |||| 00| 0 eng d | ||
| 040 | _cMRSPTU | ||
| 245 | _aBatchiter Natak (ਬਚਿੱਤਰ ਨਾਟਕ) | ||
| 250 | _a7th | ||
| 260 |
_aPunjab _bShiromani Gurdwara Parbandhak Committee _c2000 |
||
| 300 | _a128 | ||
| 942 |
_2ddc _cBK _n0 |
||
| 999 |
_c10108 _d10108 |
||